Fred Francis Bosworth: (Record no. 14144)

000 -LEADER
fixed length control field 00649nam a2200205 a 4500
001 - CONTROL NUMBER
control field :::00011968$&:&@@
003 - CONTROL NUMBER IDENTIFIER
control field OkBaRHE
005 - DATE AND TIME OF LATEST TRANSACTION
control field 20000607103414.0
008 - FIXED-LENGTH DATA ELEMENTS--GENERAL INFORMATION
fixed length control field s1927 j 000 0 eng u
040 ## - CATALOGING SOURCE
Transcribing agency
100 1# - MAIN ENTRY--PERSONAL NAME
Personal name Perkins, Eunice M.
245 10 - TITLE STATEMENT
Title Fred Francis Bosworth:
Remainder of title his life story.
250 ## - EDITION STATEMENT
Edition statement Second edition.
260 ## - PUBLICATION, DISTRIBUTION, ETC. (IMPRINT)
Place of publication, distribution, etc Detroit, MI., :
Name of publisher, distributor, etc Eunice M. Perkins
Date of publication, distribution, etc 1927
300 ## - PHYSICAL DESCRIPTION
Extent 224 p. : illus. ;
Dimensions 19 cm.
650 ## - SUBJECT ADDED ENTRY--TOPICAL TERM
Topical term or geographic name as entry element Bosworth, Fred Francis, 1877-1958
650 ## - SUBJECT ADDED ENTRY--TOPICAL TERM
Topical term or geographic name as entry element Pentecostals
General subdivision Biography
942 ## - ADDED ENTRY ELEMENTS (KOHA)
Source of classification or shelving scheme
Koha item type Books
Copies
Price effective from Date acquired Withdrawn status Shelving location Copy number Lost status Barcode Source of classification or shelving scheme Date last seen Permanent Location Not for loan Damaged status Koha item type Full call number
2010-04-142010-04-14 General Stacks1 11968 2010-04-14RHEMA Bible Training College  BooksBX 8762 .Z8P4